[Event "AUTO-BEG-554"]
[Site "http://www.queenalice.com/game.php?id=1100246"]
[Date "2012.9.6"]
[Round "1"]
[White "guest12345"]
[Black "dlabedz"]
[Result "1-0"]
[WhiteElo "1288"]
[BlackElo "1344"]

1. Nf3 b6 2. g3 Bb7 3. Bg2 Nh6 4. d4 d6 5. O-O c6 6. e4 f6 7. Bxh6 gxh6 8. d5
cxd5 9. exd5 h5 10. Nc3 Bg7 11. Qe2 O-O 12. Rfe1 e5 13. Nh4 Re8 14. Qxh5 a6 15.
Be4 Bc8 16. Qxh7+ Kf7 17. Bg6+ Kf8 18. Bxe8 Qxe8 19. Ng6+ Kf7 20. Qh5 Nd7 21.
Nxe5+ Kf8 22. Ng6+ Qxg6 23. Qxg6 Ne5 24. Rxe5 Bd7 25. Re6 Be8 26. Rxf6+ Ke7 27.
Qxg7+ 1-0

[Event "AUTO-BEG-554"]
[Site "http://www.queenalice.com/game.php?id=1100253"]
[Date "2012.9.6"]
[Round "1"]
[White "Antero"]
[Black "guest12345"]
[Result "0-1"]
[WhiteElo "1528"]
[BlackElo "1261"]

1. e4 e5 2. Nf3 Nc6 3. Bc4 Bc5 4. d3 d6 5. h3 Nf6 6. Nc3 Be6 7. Bxe6 fxe6 8. Ng5
O-O 9. O-O Qe7 10. Nf3 Rad8 11. Bg5 Qf7 12. Nd5 exd5 13. exd5 Nd4 14. Nxd4 Bxd4
15. a4 Bxb2 16. Rb1 Bd4 17. c4 Qg6 18. Bh4 Bb6 19. Qe1 Qxd3 20. Rc1 h6 21. Qb4
e4 22. Rfe1 Qd4 23. Rcd1 Qe5 24. a5 Bc5 25. Qxb7 Rd7 26. Qb1 Qf4 27. Bg3 Qf5 28.
Qc2 Nh5 29. Bh4 g5 0-1

[Event "AUTO-BEG-554"]
[Site "http://www.queenalice.com/game.php?id=1100254"]
[Date "2012.9.6"]
[Round "1"]
[White "guest12345"]
[Black "Antero"]
[Result "1/2-1/2"]
[WhiteElo "1345"]
[BlackElo "1620"]

1. d4 d5 2. c4 e6 3. Nc3 Nf6 4. Bg5 Be7 5. e3 Nc6 6. Nf3 a6 7. Bd3 h6 8. Bh4 O-O
9. Bg3 Nh5 10. O-O Re8 11. Rc1 Nf6 12. Qc2 Bd7 13. Rfd1 Nb4 14. Qb1 c5 15. Bf1
cxd4 16. exd4 Nc6 17. a3 dxc4 18. Bxc4 b5 19. Bd3 b4 20. axb4 Nxb4 21. Bf1 a5
22. Re1 Qb6 23. Rcd1 Nfd5 24. Nxd5 Nxd5 25. Ne5 Qb7 26. Nxd7 Qxd7 27. Be5 Bf6
28. Qe4 Bxe5 29. dxe5 Qc7 30. Bc4 Red8 31. Bxd5 exd5 32. Rxd5 Rxd5 33. Qxd5 Rc8
34. g3 Rb8 35. Ra1 Rxb2 36. Qxa5 Qc8 37. Qa8 Rb1+ 38. Kg2 Qxa8+ 39. Rxa8+ Kh7
40. Ra7 Kg8 41. h3 Rb8 42. f4 Rf8 43. g4 f6 44. h4 fxe5 45. fxe5 Re8 46. Ra5 g5
47. h5 Rf8 48. Ra6 Kg7 49. Rg6+ Kh7 50. Rf6 Rxf6 51. exf6 1/2-1/2

[Event "AUTO-BEG-554"]
[Site "http://www.queenalice.com/game.php?id=1124589"]
[Date "2012.11.21"]
[Round "2"]
[White "TendAll"]
[Black "guest12345"]
[Result "0-1"]
[WhiteElo "1413"]
[BlackElo "1372"]

1. e4 e5 2. Qf3 Qf6 3. Qb3 d6 4. Bb5+ Bd7 5. Nc3 Nc6 6. Nd5 Qd8 7. d4 exd4 8.
Nf3 Nf6 9. Bg5 Be7 10. O-O-O O-O 11. Nxf6+ Bxf6 12. Bxc6 Bxg5+ 13. Kb1 Bxc6 14.
Nxd4 Bxe4 15. f3 Bc6 16. h4 Bf6 17. Nf5 h5 18. g4 hxg4 19. h5 Bxf3 20. h6 g6 21.
h7+ Kh8 22. c4 Bxd1 23. Qxd1 gxf5 24. Qd5 f4 25. Qf5 g3 26. Qxf4 Be5 27. Qg4 Qf6
28. Qe2 Qg6+ 29. Ka1 Rae8 30. a3 g2 31. Rg1 Bh2 32. Rxg2 Rxe2 33. Rxg6 fxg6 34.
b4 Rf1# 0-1

[Event "AUTO-BEG-554"]
[Site "http://www.queenalice.com/game.php?id=1124590"]
[Date "2012.11.21"]
[Round "2"]
[White "guest12345"]
[Black "TendAll"]
[Result "0-1"]
[WhiteElo "1367"]
[BlackElo "1388"]

1. e4 e5 2. Bc4 Nf6 3. d3 Bb4+ 4. Bd2 Qe7 5. Nc3 O-O 6. Qe2 Nc6 7. a3 Nd4 8. Qd1
d5 9. Bxd5 Ng4 10. Qxg4 Bxg4 0-1

[Event "AUTO-BEG-554"]
[Site "http://www.queenalice.com/game.php?id=1124595"]
[Date "2012.11.21"]
[Round "2"]
[White "guest12345"]
[Black "myouga"]
[Result "1-0"]
[WhiteElo "1352"]
[BlackElo "1459"]

1. e4 e5 2. Bc4 Bc5 3. Nf3 Nh6 4. d4 exd4 5. Bxh6 gxh6 6. Nxd4 Bxd4 7. Qxd4 Rg8
8. g3 Nc6 9. Bxf7+ Kxf7 10. Qc4+ Kf8 11. Qc5+ d6 12. Qe3 Nb4 13. Qxh6+ Rg7 14.
Na3 Qe8 15. Qf4+ Kg8 16. f3 Bh3 17. Qd2 Nc6 18. O-O-O Qf8 19. Qc3 Bg2 20. Rhg1
Bxf3 21. Rdf1 Ne5 22. Qb3+ Kh8 23. Qxb7 c5 24. Qd5 Qb8 25. Qe6 Qb7 26. Qxd6 Qxe4
27. Qxc5 Nd7 28. Qc3 Rf8 29. Re1 Qf5 30. Qc7 Qg5+ 31. Kb1 Qf6 32. Qxa7 Rb8 33.
b3 Bh5 34. Re3 Qf2 35. Re8+ Rxe8 36. Qxf2 Bg6 37. Nc4 Rc8 38. Kb2 Rf7 39. Qe1
Nc5 40. Nd6 Na4+ 41. Ka3 Ra8 42. Nxf7+ Bxf7 43. Qe5+ Kg8 44. Qe4 Nc3+ 45. Qxa8+
Kg7 46. Rf1 Nb5+ 47. Kb2 Nd4 48. Qc8 Ne6 49. c4 Nd4 50. Rxf7+ Kxf7 51. Qd7+ 1-0

[Event "AUTO-BEG-554"]
[Site "http://www.queenalice.com/game.php?id=1124596"]
[Date "2012.11.21"]
[Round "2"]
[White "myouga"]
[Black "guest12345"]
[Result "0-1"]
[WhiteElo "1389"]
[BlackElo "1390"]

1. d4 Nf6 2. Nc3 d6 3. Nf3 g6 4. e3 Bg4 5. h3 Bxf3 6. Qxf3 Nc6 7. a3 Bg7 8. b4
a6 9. d5 Ne5 10. Qe2 c6 11. dxc6 Nxc6 12. b5 Na7 13. bxa6 bxa6 14. Qxa6 Ne4 15.
Qa4+ Qd7 16. Bb2 Qxa4 17. Nxa4 Bxb2 18. Nxb2 Rc8 19. Bd3 Nc5 20. Be2 Ne4 21. a4
d5 22. f3 Ng3 23. Rg1 Nxe2 24. Kxe2 Rxc2+ 25. Kf1 Rxb2 26. a5 Kd7 27. g4 f5 28.
Rg2 Rb3 29. gxf5 Rxe3 30. Rb1 Rxf3+ 31. Kg1 Nc6 32. a6 gxf5 33. Rf2 Rg8+ 34. Kf1
Rgg3 35. Ke2 Ra3 36. Rb7+ Kd6 37. Rb6 e6 38. h4 Kc7 39. Rb7+ Kd6 40. Rxh7 Rxa6
41. h5 Ra2+ 42. Kf1 Ra1+ 43. Ke2 Rh3 44. h6 Ra2+ 45. Kf1 Rh1+ 46. Kg2 Raa1 47.
Kg3 Ra7 48. Rh8 Ne7 49. Kg2 Rh4 50. Kg3 Rha4 51. Rf4 Ra3+ 52. Kh4 Ng6+ 53. Kg5
Nxh8 54. Kh5 Rg7 55. hxg7 Ra8 56. Kh6 Nf7+ 57. Kg6 Ke5 58. Rf1 Nh8+ 59. Kh7 Nf7
60. Kg6 Nd6 61. Re1+ Ne4 62. Kf7 f4 63. Kg6 f3 64. Rf1 Kf4 65. Kf7 e5 66. g8=Q
Rxg8 67. Kxg8 Nd2 68. Rf2 Ke3 69. Rxf3+ Kxf3 70. Kf7 e4 0-1

[Event "AUTO-BEG-554"]
[Site "http://www.queenalice.com/game.php?id=1124597"]
[Date "2012.11.21"]
[Round "2"]
[White "guest12345"]
[Black "ismaelpereira"]
[Result "1-0"]
[WhiteElo "1406"]
[BlackElo "1468"]

1. d4 d5 2. c4 dxc4 3. e3 Be6 4. Qa4+ Nc6 5. Bxc4 Bxc4 6. Qxc4 e5 7. Nf3 Bb4+ 8.
Nc3 exd4 9. Nxd4 Bxc3+ 10. bxc3 Ne5 11. Qb5+ Nd7 12. Qxb7 Ne7 13. O-O O-O 14.
Ba3 c5 15. Qe4 f5 16. Qe6+ Kh8 17. Nc6 Nxc6 18. Qxc6 Rf6 19. Qd5 Rc8 20. Rfd1
Rc7 21. Rab1 a5 22. Rb5 a4 23. Rxc5 Rxc5 24. Bxc5 h5 25. Qxd7 Qa5 26. Qd8+ Kh7
27. Qxa5 f4 28. Be7 Re6 29. Qf5+ Rg6 30. Qxh5+ Rh6 31. Qf5+ g6 32. Qf7+ Kh8 33.
Rd8# 1-0

[Event "AUTO-BEG-554"]
[Site "http://www.queenalice.com/game.php?id=1124598"]
[Date "2012.11.21"]
[Round "2"]
[White "ismaelpereira"]
[Black "guest12345"]
[Result "0-1"]
[WhiteElo "1450"]
[BlackElo "1420"]

1. e4 d6 2. Bb5+ Nd7 3. d4 g6 4. Nf3 Bg7 5. O-O Nf6 6. e5 dxe5 7. dxe5 Ng4 8.
Ng5 Nxe5 9. Bxd7+ Qxd7 10. Qxd7+ Bxd7 11. Bf4 h6 12. Ne4 Bc6 13. Bxe5 Bxe5 14.
Nbd2 Bxb2 15. Rab1 Bg7 16. Rbe1 O-O-O 17. Rd1 Rd4 18. c3 Rxe4 19. Nxe4 Bxe4 20.
Rde1 Bd3 21. Rxe7 Bxf1 22. Kxf1 Rf8 23. a4 Bxc3 24. f4 Kd8 25. Re3 Ba5 26. Rd3+
Ke7 27. Re3+ Kd6 28. Rd3+ Kc5 29. Rh3 Kb4 30. Rxh6 Kxa4 31. Rh3 c5 32. Re3 c4
33. Re4 Kb3 34. Re7 Bd2 35. Rxb7+ Kc2 36. Rxa7 Bxf4 37. Ra2+ Kb3 38. Rf2 Bxh2
39. Rf3+ c3 40. g4 Be5 41. Ke1 Kb2 42. Ke2 c2 43. Rf1 c1=Q 44. Rxc1 Kxc1 45. Ke3
f5 46. gxf5 gxf5 47. Kf3 f4 48. Ke4 f3 49. Kxe5 f2 50. Ke4 Rd8 51. Ke3 f1=Q 52.
Ke4 Rd2 53. Ke3 Qe1+ 54. Kf3 Rf2+ 55. Kg3 Qg1+ 56. Kh4 Rh2# 0-1

[Event "Let's Play Chess!"]
[Site "http://www.queenalice.com/game.php?id=1133692"]
[Date "2012.12.23"]
[Round "-"]
[White "guest12345"]
[Black "calumvs"]
[Result "0-1"]
[WhiteElo "1437"]
[BlackElo "1500"]

1. e4 d5 2. exd5 Qxd5 3. Nc3 Qd8 4. Nf3 Bg4 5. Bc4 e6 6. h3 Bh5 7. d4 Nf6 8. Bf4
Be7 9. Qe2 O-O 10. O-O-O c6 11. Kb1 Bb4 12. Qd3 Bg6 13. Qe3 Nbd7 14. a3 Bxc3 15.
Qxc3 Nd5 16. Qd2 Nxf4 17. Qxf4 b5 18. Bd3 Bxd3 19. Rxd3 a5 20. Qd6 Qc8 21. Ne5
Nxe5 22. dxe5 Rd8 23. Qxd8+ Qxd8 24. Rxd8+ Rxd8 25. Kc1 Kf8 26. Rd1 Rd5 27. Rxd5
exd5 28. Kd2 Ke7 29. Kc3 c5 30. b4 axb4+ 31. axb4 cxb4+ 32. Kxb4 Ke6 33. Kxb5
Kxe5 34. Kc5 g5 35. Kb4 Ke4 36. Kc3 h5 37. f3+ Ke3 38. g4 h4 39. Kb4 Kxf3 40.
Kc5 Kg3 41. Kxd5 Kxh3 42. c4 Kg3 43. c5 h3 44. c6 h2 45. c7 h1=Q+ 0-1

[Event "Let's Play Chess!"]
[Site "http://www.queenalice.com/game.php?id=1206499"]
[Date "2013.8.9"]
[Round "-"]
[White "guest12345"]
[Black "spawnwolfwolverine"]
[Result "1-0"]
[WhiteElo "1467"]
[BlackElo "1730"]

1. d4 d5 2. c4 dxc4 3. e3 b5 4. a4 c6 5. axb5 cxb5 6. Qf3 Bd7 7. Qxa8 e6 8. Qxa7
Bb4+ 9. Bd2 Bxd2+ 10. Nxd2 Nf6 11. Ngf3 O-O 12. Qa5 Qxa5 13. Rxa5 Bc6 14. Be2
Bxf3 15. Nxf3 Nbd7 16. Kd2 Ne4+ 17. Kc2 Nxf2 18. Rf1 Ne4 19. Rxb5 Ndf6 20. Bxc4
Rc8 21. b3 h6 22. Kb2 Nd6 23. Rb4 Nxc4+ 24. bxc4 Ng4 25. Re1 Nf2 26. Kc3 Ne4+
27. Kd3 Nf2+ 28. Ke2 Ne4 29. Nd2 Nxd2 30. Kxd2 g5 31. Reb1 f5 32. Rb8 Rxb8 33.
Rxb8+ Kg7 34. c5 h5 35. c6 f4 36. c7 fxe3+ 37. Kxe3 e5 38. c8=Q exd4+ 39. Ke4 d3
40. Rb6 d2 41. Qd7+ Kf8 42. Rb8# 1-0

[Event "AUTO-INT-2701"]
[Site "http://www.queenalice.com/game.php?id=1207771"]
[Date "2013.8.13"]
[Round "1"]
[White "Fariajj"]
[Black "guest12345"]
[Result "0-1"]
[WhiteElo "1631"]
[BlackElo "1524"]

1. d4 f5 2. c4 e6 3. Nf3 Nf6 4. Nc3 Be7 5. Bf4 d6 6. Qc2 O-O 7. e4 fxe4 8. Nxe4
Qe8 9. Bd3 Qh5 10. Ng3 Qa5+ 11. Nd2 Nc6 12. Ne2 Ne8 13. Be3 h6 0-1

[Event "AUTO-INT-2701"]
[Site "http://www.queenalice.com/game.php?id=1207772"]
[Date "2013.8.13"]
[Round "1"]
[White "guest12345"]
[Black "Fariajj"]
[Result "1-0"]
[WhiteElo "1544"]
[BlackElo "1611"]

1. e4 c5 2. Nf3 Nc6 3. d4 cxd4 4. Nxd4 d6 5. Nc3 Nf6 6. Bc4 e6 7. O-O Ne5 8. Bb3
Bd7 9. f4 Nc6 10. Be3 Be7 11. Qf3 O-O 12. Qh3 e5 13. Nxc6 bxc6 14. f5 1-0

[Event "AUTO-INT-2701"]
[Site "http://www.queenalice.com/game.php?id=1207787"]
[Date "2013.8.13"]
[Round "1"]
[White "guest12345"]
[Black "paulouk"]
[Result "1-0"]
[WhiteElo "1600"]
[BlackElo "1569"]

1. e4 g6 2. d4 Bg7 3. Nf3 e6 4. c4 Ne7 5. Nc3 O-O 6. Be3 c6 7. Qb3 Kh8 8. Be2 d6
9. O-O Nd7 10. Rfd1 a6 11. a4 f5 12. Ng5 Nf6 13. e5 Nfg8 14. exd6 f4 15. dxe7
Qxe7 16. Nce4 fxe3 17. Qxe3 h6 18. Nf3 Nf6 19. Nxf6 Qxf6 20. Ne5 h5 21. Qg3 b6
22. Nxg6+ Kg8 23. Nxf8 Qxf8 24. Bxh5 1-0

[Event "AUTO-INT-2701"]
[Site "http://www.queenalice.com/game.php?id=1207788"]
[Date "2013.8.13"]
[Round "1"]
[White "paulouk"]
[Black "guest12345"]
[Result "0-1"]
[WhiteElo "1585"]
[BlackElo "1584"]

1. d4 f5 2. Nc3 Nf6 3. g3 e6 4. Bd2 Be7 5. e3 O-O 6. Bg2 d6 7. Nge2 Nc6 8. O-O
Qe8 9. a3 Bd7 10. Qc1 Qh5 11. Nf4 Qh6 12. e4 Nxe4 13. Nxe4 fxe4 14. d5 Nd4 15.
Be3 Qxf4 16. Bxf4 Ne2+ 17. Kh1 Nxc1 18. Bxc1 exd5 19. c3 Rf7 20. Be3 b6 21. b4
c5 22. bxc5 dxc5 23. f3 exf3 24. Bxf3 Raf8 25. Bxd5 Bc6 0-1

[Event "AUTO-INT-2701"]
[Site "http://www.queenalice.com/game.php?id=1207789"]
[Date "2013.8.13"]
[Round "1"]
[White "guest12345"]
[Black "jeancarlo1910"]
[Result "1-0"]
[WhiteElo "1439"]
[BlackElo "1728"]

1. Nf3 c5 2. e4 Nc6 3. d4 cxd4 4. Nxd4 e5 5. Nb5 Nf6 6. N1c3 a6 7. Na3 Bxa3 8.
bxa3 d6 9. Bc4 h6 10. O-O Nd4 11. Rb1 b5 12. Bd3 Bg4 13. f3 Bh5 14. a4 O-O 15.
axb5 axb5 16. Nxb5 Ne6 17. Be3 Nf4 18. Qc1 Nxd3 19. cxd3 Rxa2 20. Rb2 Ra8 21. d4
Qe7 22. d5 Nh7 23. Qc7 Qxc7 24. Nxc7 Rac8 25. Rb7 Nf6 26. Ra1 Ne8 27. Bb6 Nf6
28. Raa7 Bg6 29. h4 Nh5 30. Nb5 Rc1+ 31. Kh2 Rc2 32. Be3 Re2 33. Bc1 Re1 34. Rc7
Rb8 35. Nxd6 Rb1 36. Rc8+ Kh7 37. Raa8 Bxe4 38. fxe4 Rbxc1 39. Rxc1 Rd1 40. Rxd1
1-0

[Event "AUTO-INT-2701"]
[Site "http://www.queenalice.com/game.php?id=1207790"]
[Date "2013.8.13"]
[Round "1"]
[White "jeancarlo1910"]
[Black "guest12345"]
[Result "0-1"]
[WhiteElo "1866"]
[BlackElo "1494"]

1. d4 Nf6 2. Nf3 e6 3. Nc3 d5 4. Bg5 Be7 5. Ne5 O-O 6. e3 c5 7. Be2 b6 8. f4 Ba6
9. Bxa6 Nxa6 10. Nc6 Qe8 11. Nxe7+ Qxe7 12. a3 Nc7 13. O-O Rfd8 14. Ne2 h6 15.
Bh4 Nce8 16. Ng3 cxd4 17. e4 Qc5 18. e5 d3+ 19. Kh1 dxc2 20. Qc1 Ng4 21. Ne2
Rdc8 22. Nc3 d4 23. Ne4 Qc6 24. Nd6 Nxd6 25. exd6 Ne3 26. Rf3 d3 27. Rxe3 d2 28.
Qxd2 c1=Q+ 29. Rxc1 Qxc1+ 30. Qxc1 Rxc1+ 31. Re1 Rxe1+ 32. Bxe1 Rd8 33. g3 Rxd6
34. Bc3 g5 35. fxg5 hxg5 36. Bf6 Rd2 37. Kg1 Kh7 38. Bc3 Rd3 39. Kf2 Kg6 40. Ke2
Rd7 41. Kf2 f5 42. Kf3 Rf7 43. Be5 Rh7 44. Kg2 f4 45. gxf4 Kf5 46. Kg3 gxf4+ 47.
Bxf4 Rxh2 48. Kf3 Rxb2 49. Bb8 Rb3+ 50. Ke2 Rxa3 0-1

[Event "AUTO-INT-2701"]
[Site "http://www.queenalice.com/game.php?id=1250442"]
[Date "2014.1.23"]
[Round "2"]
[White "Duduca10"]
[Black "guest12345"]
[Result "1-0"]
[WhiteElo "1946"]
[BlackElo "1640"]

1. e4 c5 2. Nc3 Nf6 3. Bc4 g6 4. Nf3 Bg7 5. d3 O-O 6. O-O Nc6 7. Be3 b6 8. a3 e6
9. Ng5 d5 10. exd5 exd5 11. Bb5 Bb7 12. Re1 d4 13. Bd2 dxc3 14. Bxc3 Re8 15. Qf3
Rxe1+ 16. Rxe1 1-0